Club de foot par Ville Ligue 1 - Statistiques

Statistiques générales
  • Ce quiz a été pris 228 fois
  • Le résultat moyen est 13 sur 15
Statistiques - réponses
CLUBS Villes % Correct
OM Marseille
100%
PSG Paris
100%
OL Lyon
98%
ASSE Saint Etienne
97%
OGC.N Nice
96%
HAC Le Havre
93%
ACA Ajaccio
92%
RCL Lens
92%
ASM Monaco
90%
SCO.A Angers
89%
ESTAC.T Troyes
84%
EAG Guingamp
83%
AJA Auxerre
82%
SCB Bastia
66%
USLD Dunkerque
53%
Aucun quiz correspondant
Distribution des résultats
% des personnes avec chaque résultat
Percentile par nombre de réponses
Votre historique - résultats
Vous n’avez pas pris ce quiz